Top 30 Countries in Men's 110 Meters Hurdles - Statistics

General Stats
  • This quiz has been taken 20 times
  • The average score is 26 of 30
Answer Stats
NR Continent Answer % Correct
13.17 South America Brazil
100%
13.08 North America Canada
100%
12.88 Asia China
100%
12.95 Europe France
100%
12.90 North America Jamaica
100%
13.04 Asia Japan
100%
13.14 Europe Spain
100%
12.91 Europe United Kingdom
100%
12.80 North America United States
100%
13.29 Oceania Australia
95%
12.87 North America Cuba
95%
13.05 Europe Germany
95%
13.27 Europe Italy
95%
13.25 Europe Poland
90%
12.92 Europe Russia
90%
13.11 Africa South Africa
90%
13.08 Europe Switzerland
90%
13.22 Europe Ukraine
90%
13.25 Europe Belgium
85%
13.27 Europe Czech Republic
85%
13.15 Europe Hungary
85%
13.15 Europe Netherlands
85%
13.17 North America Trinidad and Tobago
85%
13.25 North America Haiti
80%
13.30 Europe Ireland
80%
13.08 Europe Latvia
80%
13.13 Europe Slovakia
80%
13.14 North America Barbados
75%
13.25 Asia Cyprus
45%
13.18 Africa Senegal
45%
No matching quizzes found
Score Distribution
Percent of People with Each Score
Percentile by Number Answered
Your Score History
You have not taken this quiz